[Event "Madrid-ch Previa-A"]
[Site "Madrid"]
[Date "2022.03.22"]
[Round "8"]
[White "Rodriguez Garcia, Jose Maria"]
[Black "Guardiola Sevilla, Antonio"]
[Result "1/2-1/2"]
[WhiteElo "1963"]
[BlackElo "1733"]
[PlyCount "52"]
[EventDate "2022.03.07"]
[EventType "swiss"]
[EventRounds "9"]
[EventCountry "ESP"]
[SourceTitle "EXT 2023"]
[Source "ChessBase"]
[SourceDate "2022.10.05"]
[SourceVersion "1"]
[SourceVersionDate "2022.10.05"]
[SourceQuality "1"]

1. d4 d5 2. e3 Nf6 3. Bd3 c5 4. c3 Nc6 5. f4 e6 6. Nf3 Be7 7. 0-0 0-0 8. Nbd2 b6 9. Ne5 Bb7 10. Qf3 g6 11. g4 cxd4 12. exd4 Ne4 13. Nxe4 dxe4 14. Nxc6 exf3 15. Nxd8 Raxd8 16. Bd2 h5 17. g5 f5 18. Rae1 Kf7 19. Bc4 Rd6 20. Re5 Be4 21. b3 Bd8 22. Bc1 Rc6 23. d5 exd5 24. Bxd5+ Bxd5 25. Rxd5 Rxc3 26. Rfd1 Be7 1/2-1/2

[Event "Madrid-ch Previa-A"]
[Site "Madrid"]
[Date "2022.03.21"]
[Round "7"]
[White "Guardiola Sevilla, Antonio"]
[Black "De Fuenmayor Fernandez, Carlos Pablo"]
[Result "1/2-1/2"]
[WhiteElo "1733"]
[BlackElo "1432"]
[PlyCount "120"]
[EventDate "2022.03.07"]
[EventType "swiss"]
[EventRounds "9"]
[EventCountry "ESP"]
[SourceTitle "EXT 2023"]
[Source "ChessBase"]
[SourceDate "2022.10.05"]
[SourceVersion "1"]
[SourceVersionDate "2022.10.05"]
[SourceQuality "1"]

1. e4 e5 2. Nf3 Nc6 3. Bb5 Nf6 4. d3 Bc5 5. 0-0 d6 6. h3 h6 7. c3 0-0 8. Re1 Ne7 9. d4 exd4 10. cxd4 Bb6 11. Nc3 c6 12. Bd3 Ng6 13. Qc2 Nh5 14. e5 Nhf4 15. Bxf4 Nxf4 16. Bf5 dxe5 17. Bxc8 Rxc8 18. dxe5 Qd3 19. Qxd3 Nxd3 20. Re2 Rfe8 21. Rd1 Rcd8 22. Kf1 Rd7 23. Red2 Red8 24. Ke2 Nf4+ 25. Kf1 Rxd2 26. Rxd2 Rxd2 27. Nxd2 Nd3 28. Nc4 Bd4 29. Ke2 Nxe5 30. Nd6 b5 31. Nc8 a5 32. f4 Nc4 33. Ne7+ Kf8 34. Nxc6 Bxc3 35. bxc3 Ke8 36. Nd4 Nd6 37. Kd3 Kd7 38. g3 g6 39. g4 Kc7 40. Nb3 Kb6 41. Kd4 a4 42. Nc5 h5 43. Nd7+ Kc7 44. Ne5 hxg4 45. hxg4 Kd8 46. Kd5 Ke7 47. Nc6+ Kd7 48. Nd4 Nc4 49. Nxb5 Ne3+ 50. Ke4 Nxg4 51. c4 f5+ 52. Kd4 Nf6 53. Nc3 a3 54. Nb5 Nh5 55. Ke5 Kc6 56. Nxa3 Kc5 57. Nc2 Kxc4 58. a3 Kb3 59. Ne3 Kxa3 60. Nxf5 Nxf4 1/2-1/2